Riadenie likvidity podniku bakalárska práca

Guardado en:
Detalles Bibliográficos
Autor principal: Vanková, Monika
Autor Corporativo: Fakulta podnikového manažmentu EU. Katedra podnikových financií
Otros Autores: Ďurana, Lukáš
Formato: Libro
Lenguaje:eslovaco
Publicado: Bratislava 2012
Etiquetas: Agregar Etiqueta
Sin Etiquetas, Sea el primero en etiquetar este registro!

MARC

LEADER 00000nbm a2200000 4500
001 0154126
005 20161109111822.7
041 0 |a slo 
044 |a SK 
245 1 0 |a Riadenie likvidity podniku  |b bakalárska práca  |c Monika Vanková ; školiteľ: Lukáš Ďurana 
264 1 |a Bratislava  |c 2012 
300 |a 54 s. 
100 1 |a Vanková, Monika 
700 1 |a Ďurana, Lukáš 
710 2 |a Fakulta podnikového manažmentu EU. Katedra podnikových financií